| 000 | 00576nam a2200181Ia 4500 | ||
|---|---|---|---|
| 008 | 090123s9999 xx 000 0 und d | ||
| 082 | _b35688 | ||
| 100 | _aहळबे धनश्री | ||
| 245 | _aअसुनी नाथ मी अनाथ | ||
| 250 | _a1 | ||
| 260 |
_bशिवम प्रकाशन _c2003 |
||
| 300 | _a197 | ||
| 600 | _aहळबे धनश्री | ||
| 630 | _aअसुनी नाथ मी अनाथ | ||
| 700 | _aहळबे धनश्री | ||
| 730 | _aअसुनी नाथ मी अनाथ | ||
| 942 | _cBOOK | ||
| 999 |
_c73755 _d73755 |
||